000 02749nam a22005777a 4500
003 CHAP
005 20220329141133.0
008 971010s1978 mx a r 00010 spa d
010 _a63206
011 _a64178
035 _a69427
040 _cCHAP
082 0 4 _a580
_bC7Y
100 0 0 _aCronquist, Arthur.
_929163
245 1 _aBotánica básica
260 _aMéxico, D. F. :
_bCECSA,
_c1978
300 _a587 p. ilus.
590 _aBATCH-UPD
_b10
_c20130110
_lUCH01
_h1819
590 _aBATCH-UPD
_b10
_c20130410
_lUCH01
_h1153
590 _aBATCH-UPD
_b10
_c20130914
_lUCH01
_h0735
590 _aCONVERSION
_b10
_c20130109
_lUCH01
_h1334
650 1 4 _aBotánica.
_914477
901 _aBK
942 _cLIBRO
949 _a580 C7Y
_bBC
_cLIBRO
_d-145947
_eLIBRO
_fc.6
_h51386
_i69427
_si
949 _a580 C7Y
_bBC
_cLIBRO
_d-145949
_eLIBRO
_fc.8
_h51388
_i69427
_si
949 _a580 C7Y
_bBC
_cLIBRO
_d-145956
_eLIBRO
_fc.15
_h51395
_i69427
_si
949 _a580 C7Y
_bBC
_cLIBRO
_d-145960
_eLIBRO
_fc.19
_h51399
_i69427
_si
949 _a580 C7Y
_bBC
_cLIBRO
_d-145964
_eLIBRO
_fc.23
_h51403
_i69427
_si
949 _a580 C7Y
_bBC
_cLIBRO
_d-145965
_eLIBRO
_fc.24
_i69427
_si
949 _a580 C7Y
_bBC
_cLIBRO
_d33724000424610
_eLIBRO
_h50505
_i69427
_si
949 _a580 C7Y
_bBC
_cLIBRO
_d33724000424628
_eLIBRO
_fc.3
_h50958
_i69427
_si
949 _a580 C7Y
_bBC
_cLIBRO
_d33724000424636
_eLIBRO
_fc.2
_h50957
_i69427
_si
949 _a580 C7Y
_bBC
_cLIBRO
_d33724000424669
_eLIBRO
_fc.9
_h51389
_i69427
_si
949 _a580 C7Y
_bBC
_cLIBRO
_d33724000424693
_eLIBRO
_fc.13
_h51393
_i69427
_si
949 _a580 C7Y
_bBC
_cLIBRO
_d33724000424701
_eLIBRO
_fc.14
_h51394
_i69427
_si
949 _a580 C7Y
_bBC
_cLIBRO
_d33724000424727
_eLIBRO
_fc.20
_h51400
_i69427
_si
949 _a580 C7Y
_bBC
_cLIBRO
_d33724000424735
_eLIBRO
_fc.18
_h51398
_i69427
_si
949 _a580 C7Y
_bBC
_cLIBRO
_d33724000424743
_eLIBRO
_fc.21
_h51401
_i69427
_sm
949 _a580 C7Y
_bBC
_cLIBRO
_d33724000424768
_eLIBRO
_fc.25
_h63189
_i69427
_si
949 _a580 C7Y
_bBC
_cLIBRO
_d33724000581666
_eLIBRO
_fc.5
_h51385
_i69427
_si
949 _a580 C7Y
_bBC
_cLIBRO
_d33724000636734
_eLIBRO
_fc.11
_h51391
_i69427
_si
949 _a580 C7Y
_bBC
_cLIBRO
_d33724000665782
_eLIBRO
_fc.7
_h51387
_i69427
_si
949 _a580 C7Y
_bBC
_cLIBRO
_d33724000804373
_eLIBRO
_fc.26
_h67782
_i69427
_si
949 _a580 C7Y
_bBC
_cLIBRO
_d33724000884466
_eLIBRO
_fc.16
_h51396
_i69427
_si
949 _a580 C7Y
_bBC
_cLIBRO
_d33724000890075
_eLIBRO
_fc.10
_h51390
_i69427
_si
949 _a580 C7Y
_bBC
_cLIBRO
_d33724002009058
_eLIBRO
_fc.17
_h51397
_i69427
_si
949 _a580 C7Y
_bBC
_cLIBRO
_d33724002014405
_eLIBRO
_fc.12
_h51392
_i69427
_si
949 _a580 C7Y
_bBC
_cLIBRO
_d33724002019595
_eLIBRO
_fc.22
_h51402
_i69427
_si
949 _a580 C7Y
_bBC
_cLIBRO
_d33724002115743
_eLIBRO
_fc.4
_h51384
_i69427
_si
999 _c63206
_d63206